LEADER 03743nam 22006375 450 001 9911011815903321 005 20250630130230.0 010 $a9789819668274 024 7 $a10.1007/978-981-96-6827-4 035 $a(CKB)39532241900041 035 $a(MiAaPQ)EBC32186380 035 $a(Au-PeEL)EBL32186380 035 $a(DE-He213)978-981-96-6827-4 035 $a(OCoLC)1526860755 035 $a(EXLCZ)9939532241900041 100 $a20250630d2025 u| 0 101 0 $aeng 135 $aur||||||||||| 181 $ctxt$2rdacontent 182 $cc$2rdamedia 183 $acr$2rdacarrier 200 10$aSelected Contributions of 2024 2nd International Conference on Electric Vehicle and Vehicle Engineering /$fedited by Pak Kin Wong, Jun Xu 205 $a1st ed. 2025. 210 1$aSingapore :$cSpringer Nature Singapore :$cImprint: Springer,$d2025. 215 $a1 online resource (749 pages) 225 1 $aLecture Notes in Electrical Engineering,$x1876-1119 ;$v1424 311 08$a9789819668267 327 $aCalculation of Collapse Displacement of Steering Column Based on Interval Uncertainty -- Research on the Evolutionary Game of Low-Carbon Production Behavior in the New Energy Vehicle Supply Chain Considering Fairness Concerns -- Impact of Lateral Thickness Variations in Spokes on Non-pneumatic Tire Stiffness -- High-Available 12V Power Supply Systems for Electric Vehicles with Automated Driving Functions -- Finite Element Analysis of Shear Band for a Nonpneumatic Tire Based on Steel cords with Different Modulus of Elasticity in Tensile and Compressive -- Structural Design and Manufacturing Processes of Non-Pneumatic Tires: A Mini-Review -- Analysis of the Influence of Structural Parameters on Mechanical Characteristics of Honeycomb Porous Non-Pneumatic Tire -- Sum-of-Square Programming for Magnetorheological Suspension System with H? Optimal Regulation -- Queue Vehicle State Prediction at Signalized Intersections Based on a Hybrid Model -- Optimal Event-Triggered Safety Control of Active Suspension Systems with Bio?inspired Metaheuristic Algorithm. 330 $aThis book presents an extensive exploration of the latest trends in Electric Vehicle and the boundless opportunities they offer. It has encompassed various facets including Intelligent Vehicle, Electric Vehicle Technology, Power Electronics and Motor Drives, Energy Systems and Storage, Electronic Control Systems, Battery Technologies, Autonomous and Connected Vehicles. The book is tailored for researchers, engineers, and practitioners deeply involved in the field of Electric Vehicle. It delves into the intricate technicalities of EV technology, providing profound insights and comprehensive discussions on its fundamental principles. 410 0$aLecture Notes in Electrical Engineering,$x1876-1119 ;$v1424 606 $aVehicles 606 $aComputational intelligence 606 $aAutomotive engineering 606 $aAutomation 606 $aVehicle Engineering 606 $aComputational Intelligence 606 $aAutomotive Engineering 606 $aAutomation 615 0$aVehicles. 615 0$aComputational intelligence. 615 0$aAutomotive engineering. 615 0$aAutomation. 615 14$aVehicle Engineering. 615 24$aComputational Intelligence. 615 24$aAutomotive Engineering. 615 24$aAutomation. 676 $a620 700 $aWong$b Pak Kin$01831885 701 $aXu$b Jun$0955314 801 0$bMiAaPQ 801 1$bMiAaPQ 801 2$bMiAaPQ 906 $aBOOK 912 $a9911011815903321 996 $aSelected Contributions of 2024 2nd International Conference on Electric Vehicle and Vehicle Engineering$94404877 997 $aUNINA